| 000 | 01351nam a2200241Ia 4500 | ||
|---|---|---|---|
| 999 |
_c34872 _d34872 |
||
| 001 | 691 | ||
| 003 | GE_BSU | ||
| 005 | 20211122124042.0 | ||
| 008 | 181216s2003||||ge |||||||||||||| ||geo|| | ||
| 040 | _cGE_BSU | ||
| 041 | _ageo | ||
| 080 | _a352/354(075.8) მ–53 | ||
| 100 |
_aმელქაძე, ოთარ _912993 |
||
| 245 |
_aრეგიონალიზმი-სახელმწიფოს ტერიტორიული ორგანიზაციის ფორმა : _b(ქართულ პრობლემებთან დაკავშირებით) / _cოთარ მელქაძე, გიორგი თევდორაშვილი; მსოფლიო პარლამენტარიზმის კვლევ. ცენტრი. |
||
| 264 |
_aთბილისი : _bსფინქსი, _c2003. |
||
| 300 |
_a236 გვ.; _b19სმ. |
||
| 541 | _h8 ლ. | ||
| 653 | _aრეგიონალიზმი | ||
| 653 | _aსაქართველოს ტერიტორიული ორგანიზაცია | ||
| 700 |
_aთევდორაშვილი, გიორგი _eავტორი _95322 |
||
| 710 |
_aმსოფლიო პარლამენტარიზმის კვლევ. ცენტრი. _96384 |
||
| 942 |
_cBK _2udc |
||